Welcome to CU Library Online Public Access Catalogue (OPAC)

Who Rules America? (Record no. 8965)

MARC details
000 -LEADER
fixed length control field 00497nam a22001697a 4500
005 - DATE AND TIME OF LATEST TRANSACTION
control field 20260312101654.0
008 - FIXED-LENGTH DATA ELEMENTS--GENERAL INFORMATION
fixed length control field 260312b |||||||| |||| 00| 0 eng d
020 ## - INTERNATIONAL STANDARD BOOK NUMBER
International Standard Book Number 9781559349734
050 ## - LIBRARY OF CONGRESS CALL NUMBER
Classification number HN90
Item number .E4 DOM
100 ## - MAIN ENTRY--PERSONAL NAME
Personal name Domhoff G. William
245 ## - TITLE STATEMENT
Title Who Rules America?
Remainder of title Power and Politics in the year 2000/
Statement of responsibility, etc. G. William Domhoff
250 ## - EDITION STATEMENT
Edition statement 3rd Ed.
260 ## - PUBLICATION, DISTRIBUTION, ETC.
Place of publication, distribution, etc. London
Name of publisher, distributor, etc. Mayfield Publishing Company
Date of publication, distribution, etc. 2000
500 ## - GENERAL NOTE
General note Includes Index
650 ## - SUBJECT ADDED ENTRY--TOPICAL TERM
Source of heading or term Politics
942 ## - ADDED ENTRY ELEMENTS (KOHA)
Source of classification or shelving scheme Library of Congress Classification
Koha item type Books
Edition 3rd Ed.
Suppress in OPAC No
999 ## -
-- 8965
-- 8965
Holdings
Withdrawn status Lost status Source of classification or shelving scheme Damaged status Not for loan Collection Home library Current library Shelving location Date acquired Total checkouts Full call number Barcode Date last seen Copy number Price effective from Koha item type
    Library of Congress Classification     Non-fiction Business Library (Miotso) Business Library (Miotso) General stacks 03/11/2026   HN90 .E4 DOM BSSM00002591 03/12/2026 1 03/11/2026 Books
    Library of Congress Classification     Non-fiction Business Library (Miotso) Business Library (Miotso) General stacks 03/11/2026   HN90 .E4 DOM BSSM00002592 03/12/2026 2 03/11/2026 Books
© 2023-2024 Copyright: Central University Libraries. All Rights Reserved | Created by: Mahone Tech Office